Introduction to counselling and psychotherapy : the essential guide /

"This Introduction to Counselling and Psychotherapy is the essential guide to the range of approaches used in current practice. All of the major schools of counselling and psychotherapy are covered, as well as many that are less well known." "This book will be of value to everyone doi...

Full description

Saved in:
Bibliographic Details
Other Authors: Palmer, Stephen, 1955-
Format: Book
Language:English
Published: London ; Thousand Oaks, Calif. ; London : SAGE, 2000.
Subjects:
Tags: Add Tag
No Tags, Be the first to tag this record!
LEADER 02582nam a22003378a 4500
001 008186830-8
005 20051031151052.0
008 990920s2000 enka 000|0 eng d
015 |a GB99-Y1009 
020 |a 0761955437 
020 |a 0761955445 (pbk.)  |c £16.99 
035 0 |a ocm41257866 
040 |a UKM  |c UKM 
050 4 |a BF637.C6  |b I534 2000 
060 |a WM420 
082 0 4 |a 616.8914  |2 21 
245 0 0 |a Introduction to counselling and psychotherapy :  |b the essential guide /  |c edited by Stephen Palmer. 
260 |a London ;  |a Thousand Oaks, Calif. ;  |a London :  |b SAGE,  |c 2000. 
300 |a xiv, 368 p. :  |b ill. ;  |c 24 cm. 
504 |a Includes bibliographical references and index. 
505 0 |a An introduction to counselling and psychotherapy -- Adlerian counselling and psychotherapy -- Behaviour counselling and psychotherapy -- Cognitive analytic counselling and psychotherapy -- Cognitive counselling and psychotherapy -- Existential counselling and psychotherapy -- Gestalt counselling and psychotherapy -- Hypnosis in counselling and psychotherapy -- Integrative counselling -- Lifeskills counselling -- Multimodal counselling and therapy -- Neuro-linguistiv programming -- Person-centred counselling and psychotherapy -- Personal construct counselling and psychotherapy -- Primal integration counselling and psychotherapy. 
505 0 |a Problem focused counselling and psychotherapy -- Psychosynthesis -- Psychodynamic (Freudian) counselling and psychotherapy -- Psychodynamic (Jungian) counselling and psychotherapy -- Psychodynamic (Kleinian) counselling and psychotherapy -- Rational emotive behaviour therapy -- Reality therapy -- Solution focused therapy -- Transactional analysis -- Research issues in counselling and psychotherapy. 
520 1 |a "This Introduction to Counselling and Psychotherapy is the essential guide to the range of approaches used in current practice. All of the major schools of counselling and psychotherapy are covered, as well as many that are less well known." "This book will be of value to everyone doing an introductory training course in counselling or psychotherapy, and also to potential clients who want to decide what form of counselling or therapy might benefit them most."--BOOK JACKET. 
650 0 |a Counseling. 
650 0 |a Psychotherapy. 
650 2 |a Counseling. 
650 2 |a Psychotherapy. 
700 1 |a Palmer, Stephen,  |d 1955- 
776 0 8 |i Online version:  |t Introduction to counselling and psychotherapy.  |d London ; Thousand Oaks : SAGE Publications, 2000  |w (OCoLC)607439133 
988 |a 20020608 
906 |0 OCLC